Water mains and sewers: compensation payable to landowner (Record no. 98492)

MARC details
000 -LEADER
fixed length control field 00652cam a2200229 4500
001 - CONTROL NUMBER
control field D16376
008 - FIXED-LENGTH DATA ELEMENTS--GENERAL INFORMATION
fixed length control field 1953
035 ## - SYSTEM CONTROL NUMBER
System control number (Sirsi) u95416
041 ## - LANGUAGE CODE
Language code of text/sound track or separate title eng
050 ## - LIBRARY OF CONGRESS CALL NUMBER
Classification number 346.410435
100 ## - MAIN ENTRY--PERSONAL NAME
Personal name Walmsley, R Charles
245 ## - TITLE STATEMENT
Title Water mains and sewers: compensation payable to landowner
260 ## - PUBLICATION, DISTRIBUTION, ETC.
Name of publisher, distributor, etc. RICS
Date of publication, distribution, etc. 1953
300 ## - PHYSICAL DESCRIPTION
Extent 7p.
Dimensions 22cm
350 ## - PRICE (NR) (BK AM CF MU VM SE) [OBSOLETE]
Price 0
520 ## - SUMMARY, ETC.
Summary, etc. Reprinted from the RICS journal August 1953; Filed in box RICS 1953
651 #4 - SUBJECT ADDED ENTRY--GEOGRAPHIC NAME
Geographic name Great Britain
Chronological subdivision 1707-
690 ## - LOCAL SUBJECT ADDED ENTRY--TOPICAL TERM (OCLC, RLIN)
Topical term or geographic name as entry element Infrastructure
9 (RLIN) 6246
710 ## - ADDED ENTRY--CORPORATE NAME
Corporate name or jurisdiction name as entry element Royal Institution of Chartered Surveyors
9 (RLIN) 4900
942 ## - ADDED ENTRY ELEMENTS (KOHA)
Suppress in OPAC 0
948 ## - LOCAL PROCESSING INFORMATION (OCLC); SERIES PART DESIGNATOR (RLIN)
c (OCLC) 04/03/1997
Holdings
Withdrawn status Lost status Source of classification or shelving scheme Damaged status Not for loan Home library Current library Shelving location Date acquired Total Checkouts Full call number Barcode Date last seen Copy number Price effective from Koha item type
    Other/Generic Classification Scheme     Historic collection Historic collection RICS Boxes 13/12/2002   RICS 1953 95416-2001 06/08/2019 1 06/08/2019 Archive